Score 0/15 Timer 07:00
0 Plays Today
Name of the woman First woman % Correct
Maria Estela PeronPresident of a country
100%
S BhandarnayekePrime Minister of a country
100%
Margaret ThatcherPrime Minister of UK
100%
Mrs Anousheh AnsariSpace Tourist
100%
Mrs Fran PhippsTo reach the North pole
100%
Ann BancroftTo set foot on North pole
100%
Junko TabeiTo climb Mount Everest
100%
Marie CurieTo won Nobel Prize
100%
Name of the woman First woman % Correct
Gertrude EderleTo cross English Channel
100%
Vijaya Lakshmi PanditPresident of UN General Assembly
92.9%
Benazir BhuttoPrime Minister of any Muslim country
92.9%
Arti PradhanTo cross the Strait of Gibralter
92.9%
Janet YellenTo chair US Central Bank 'Federal Reserve'
92.9%
Caroline MichaelsonTo reach Antarctica
85.7%
Valentina TereshkovaCosmonaut in space
78.6%
Come Together.
Have Fun.
All Virtual.
We all need to come together. Play Sporcle's virtual live trivia to have fun, connect with people, and get your trivia on. Join a live hosted trivia game for your favorite pub trivia experience done virtually. If a virtual private party is more your thing, go here for details.

You're not logged in!

Compare scores with friends on all Sporcle quizzes.
OR
Log In

Sporcle TV

Today on Sporcle TV


Watch our educational content, quiz creation guides, and fun videos on Sporcle TV.

Show Comments

Extras

Created Jan 7, 2016ReportNominate
Tags:Popular Science

Top Quizzes Today


Score Distribution

Paid Content

Your Account Isn't Verified!

In order to create a playlist on Sporcle, you need to verify the email address you used during registration. Go to your Sporcle Settings to finish the process.

Report this User

Report this user for behavior that violates our Community Guidelines.

Details: